000 00852cam a2200253 a 4500
001 2559350
005 20180313045556.0
008 950210s1995 wiu b 001 0 eng
010 _a 95009711
020 _a0945612168 (cloth)
020 _a0945612338 (paper)
040 _aDLC
_cDLC
_dDLC
041 _aeng
043 _an-us---
080 _a326.0973
082 0 0 _a326.0973 KAM
_220
100 _a20
101 _aSHP
245 0 2 _aA necessary evil? :
_cedited by John P. Kaminski.
504 _aIncludes bibliographical references (p. [279]-282) and index.
906 _a7
_bcbc
_corignew
_d1
_eocip
_f19
_gy-gencatlg
942 _2ddc
_cBK
999 _c44822
_d44822